Selected topics in inorganic chemistry
Enregistré dans:
| Auteur principal: | |
|---|---|
| Format: | Livre |
| Langue: | anglais |
| Publié: |
S. Chand Publishers
2013
|
| Tags: |
Ajouter un tag
Pas de tags, Soyez le premier à ajouter un tag!
|
MARC
| LEADER | 00000nam a22000007a 4500 | ||
|---|---|---|---|
| 008 | 210427b ||||| |||| 00| 0 eng d | ||
| 020 | |a 81-219-0600-8 | ||
| 100 | |a MALIK, Wahid U. | ||
| 245 | |a Selected topics in inorganic chemistry |c Wahid U. Malik, G. D. Tuli [and] R. D. Madan |g xxxv, 789p; ill. | ||
| 250 | |b 7th ed. | ||
| 260 | |b S. Chand Publishers |c 2013 |h New Delhi |i 691693 |l QD151 .M29 |m Chemistry, Inorganic | ||
| 500 | |a “It includes index” | ||
| 942 | |a lcc |c BK |e Adekanye, I. H. |f 27/04/2021 | ||
| 952 | |0 0 |1 0 |2 lcc |4 0 |6 QD0151 M29 |7 0 |9 2367 |a HOL |b HOL |c QZ |d 2021-04-27 |l 0 |o QD151 .M29 |p 2021-6219 |r 2021-04-27 00:00:00 |w 2021-04-27 |y BK | ||
| 999 | |c 1221 |d 1221 | ||